El Hogar de los Huérfanos (Record no. 137974)

MARC details
000 -LEADER
campo de control de longitud fija 00556nam a2200157 4500
001 - NÚMERO DE CONTROL
campo de control 137974
003 - IDENTIFICADOR DE NÚMERO DE CONTROL
campo de control ES-MaACL
005 - FECHA Y HORA DE LA ÚLTIMA TRANSACCIÓN
campo de control 20230906195458.0
007 - CAMPO FIJO DE DESCRIPCIÓN FÍSICA--INFORMACIÓN GENERAL
campo de control de longitud fija t|
008 - DATOS DE LONGITUD FIJA--INFORMACIÓN GENERAL
campo de control de longitud fija 070214s1934 sp r ||||1| spa d
100 1# - ENTRADA PRINCIPAL--NOMBRE DE PERSONA
Nombre de persona Sánchez Gali, Moisés.
9 (RLIN) 102652
245 13 - MENCIÓN DEL TÍTULO
Título El Hogar de los Huérfanos
Resto del título : divulgación popular docente : de los orfanatos belgas de otros países y España /
Mención de responsabilidad, etc. Moisés Sánchez Gali.
260 ## - PUBLICACIÓN, DISTRIBUCIÓN, ETC.
Lugar de publicación, distribución, etc. Madrid :
Nombre del editor, distribuidor, etc. Fundación Cooperativa Benéfico-docente,
Fecha de publicación, distribución, etc. 1934 (
Fabricante Izaguirre)
300 ## - DESCRIPCIÓN FÍSICA
Extensión 59 p. ;
Dimensiones 21 cm.
852 ## - LOCALIZACIÓN
Ubicación ES-MaACL
Número de control de estantería 1773-F-5
Holdings
Estatus retirado Estado de pérdida Estado de daño No para préstamo Colección Biblioteca de origen Biblioteca actual Ubicación en estantería Fecha de adquisición Fuente de adquisición Total de préstamos Signatura topográfica completa Código de barras Visto por última vez Precio de reemplazo Tipo de ítem Koha
        Colección de folletos Biblioteca del Ateneo de Madrid Biblioteca del Ateneo de Madrid Depósito folletos 17/01/2008     1773-F-5 1143574 23/02/2023 23/02/2023 Folleto